000 01720cam a22004454i 4500
003 PE-LiUPU
005 20250731172959.0
008 150623s r 000 0 d
020 _a8428814058
035 _a(Sirsi) i9788428814058
040 _aPE-LiUPU
_bspa
_cPE-LiUPU
_erda
049 _aPRUA
082 0 4 _a262.13
_bR53
_221
100 1 _aRiccardi, Andrea,
_d1950-,
_eautor.
245 1 3 _aEl poder del Papa /
_cAndrea Riccardi ; [traducción, Tíscar Espigares Pinilla].
264 1 _aMadrid :
_bPPC,
_c1993.
300 _a432 páginas ;
_c22 centímetros
336 _atext
_2rdacontent
337 _aunmediated
_2rdamedia
338 _avolume
_2rdacarrier
505 0 _aEl Papa entre la guerra y la posguerra. -Los hombres de Pío XII. -El Papa-patriarca de Occidente y el comunismo. -Triunfo y crisis. -El poder del Papa Juan. -Paz y Concilio. -Pablo VI, príncipe reformador. -Mundo, díalogo y política. -El reformismo de un Papa italiano. -El poder del Papa y la iglesia plural. -¿Un nuevo poder del Papa?.
526 _aSEG42
526 _aSEG41
526 _aSEG40
526 _aSEG39
526 _aP94
526 _aP87
526 _aP86
526 _aP85
526 _aP77
526 _aP76
526 _aP35
650 0 4 _aPapas
_xPoder temporal
_vHistoria.
942 _2ddc
_cBOOK
949 _a262.13 R53
_wDEWEY
_c1
_i45455
_lCCODEBUL1
_mBUL
_r0
_sY
_tBOOK
_u2015-6-24
_xTEOLOGIA
_PP35
_0COMPRA
_o.STAFF. Colección General
994 _aC0
_bPEPRU
596 _a1
999 _a262.13 R53
_wDEWEY
_c22318
_i45455
_f2021-11-10
_g5
_lCCODEBUL1
_mBUL
_r0
_sY
_tBOOK
_u2015-6-24
_xTEOLOGIA
_PP35
_0COMPRA
_o.STAFF. Colección General
_d22318
980 _81
_gALBERTO SANCHEZ Responsable de Automatización